Fotografía y exposición : (Record no. 193020)

MARC details
000 -LEADER
campo de control de longitud fija 01711nam a2200325 i 4500
001 - NÚMERO DE CONTROL
campo de control 193020
003 - IDENTIFICADOR DE NÚMERO DE CONTROL
campo de control ES-MaACL
005 - FECHA Y HORA DE LA ÚLTIMA TRANSACCIÓN
campo de control 20250826062532.0
007 - CAMPO FIJO DE DESCRIPCIÓN FÍSICA--INFORMACIÓN GENERAL
campo de control de longitud fija ta
008 - DATOS DE LONGITUD FIJA--INFORMACIÓN GENERAL
campo de control de longitud fija 230722t2021 sp o|||| |||| 00| 0 spa d
040 ## - FUENTE DE CATALOGACIÓN
Lengua de catalogación spa
Centro/agencia transcriptor ES-MaACL
080 ## - NÚMERO DE LA CLASIFICACIÓN DECIMAL UNIVERSAL
Número de la Clasificación Decimal Universal 77:069.9(062.552)
245 00 - MENCIÓN DEL TÍTULO
Título Fotografía y exposición :
Resto del título saberes cruzados /
Mención de responsabilidad, etc. edición a cargo de Marta Dahó
260 ## - PUBLICACIÓN, DISTRIBUCIÓN, ETC.
Lugar de publicación, distribución, etc. [Madrid] :
Nombre del editor, distribuidor, etc. Fundación MAPFRE,
Fecha de publicación, distribución, etc. [2021]
300 ## - DESCRIPCIÓN FÍSICA
Extensión 203 páginas :
Otras características físicas ilustraciones (blanco y negro y color) ;
Dimensiones 24 cm
336 ## - TIPO DE CONTENIDO
Fuente rdacontent
Término de tipo de contenido Texto
337 ## - TIPO DE MEDIO
Fuente rdamedia
Nombre/término del tipo de medio sin mediación
338 ## - TIPO DE SOPORTE
Fuente rdacarrier
Nombre/término del tipo de soporte volumen
500 ## - NOTA GENERAL
Nota general Índice
500 ## - NOTA GENERAL
Nota general Recoge las conferencias pronunciadas en el ciclo "Fotografía y exposición: saberes cruzados", celebradas entre marzo y abril de 2021
520 ## - RESUMEN, ETC.
Sumario, etc. Desde su invención, la fotografía ha ido de la mano de la posibilidad de ser expuesta, presentada como objeto de valor artístico autónomo. De forma paralela, ha desempeñado un rol igualmente relevante como recurso expositivo a través de la reproducción de obras y archivos, así como en su vertiente escenográfica. Los vínculos entre fotografía y exposición son objeto de creciente interés en las últimas 4 décadas, articulado a través de un enfoque cruzado entre los saberes historiográficos, teóricos y curatoriales
650 #7 - PUNTO DE ACCESO ADICIONAL DE MATERIA--TÉRMINO DE MATERIA
Término de materia o nombre geográfico como elemento de entrada Exposiciones de fotografía
Fuente del encabezamiento o término embne
9 (RLIN) 241424
655 #0 - TERMINO DE INDIZACIÓN--GENERO/FORMA
Datos o término principal de género/forma Conferencias
9 (RLIN) 234444
700 1# - ENTRADA AGREGADA--NOMBRE PERSONAL
Nombre de persona Dahó, Marta,
Fechas asociadas al nombre 1969-
Término indicativo de función/relación Editor literario
9 (RLIN) 233822
710 2# - ENTRADA AGREGADA--NOMBRE DE ENTIDAD CORPORATIVA
Nombre de entidad corporativa o nombre de jurisdicción como elemento de entrada Fundación MAPFRE
Término indicativo de función/relación Editor
9 (RLIN) 4362
852 ## - LOCALIZACIÓN
Ubicación ES-MaACL
Ubicación en estantería Depósito J
Donativo/Legado Donación Fundación Mapfre
Número de control de estantería N-8513
itemnumber 200325
942 ## - ELEMENTOS DE ENTRADA SECUNDARIOS (KOHA)
Suprimir en OPAC No
Tipo de ítem Koha Libro impreso
Holdings
Estatus retirado Estado de pérdida Fuente del sistema de clasificación o colocación Estado de daño No para préstamo Biblioteca de origen Biblioteca actual Ubicación en estantería Fecha de adquisición Fuente de adquisición Total de préstamos Signatura topográfica completa Código de barras Visto por última vez Tipo de ítem Koha
    Clasificación decimal universal     Biblioteca del Ateneo de Madrid Biblioteca del Ateneo de Madrid Depósito J 04/04/2022 Donación   N-8513 101205618 22/07/2023 Libro impreso